| 000 | 00344nam a2200109Ia 4500 | ||
|---|---|---|---|
| 008 | 171211s9999 xx 000 0 und d | ||
| 245 | _aCyber Security Cryptography and Machine Learning | ||
| 245 | _cSachin Lodha and Shlomi Dolev | ||
| 260 | _c2017 | ||
| 650 | _xFamily and Friendship | ||
| 856 | _uhttp://down.ebook777.com/2017/9783319600796.pdf | ||
| 999 |
_c350256 _d350256 |
||